Qué es esa cosa llamada ciencia? /
Guardado en:
| Autor Principal: | |
|---|---|
| Formato: | Libro |
| Publicado: |
Buenos Aires :
Siglo Veintiuno,
2000
|
| Edición: | 3a. ed. |
| Series: | Teoría
|
| Materias: | |
| Etiquetas: |
Agregar Etiqueta
Sin Etiquetas, Sea el primero en etiquetar este registro!
|
| LEADER | 01123nam a22001935a 4500 | ||
|---|---|---|---|
| 001 | CEM.cems010909 | ||
| 008 | 130507s2000##################000#0#####d | ||
| 005 | 20241220110959.0 | ||
| 245 | 1 | 0 | |a Qué es esa cosa llamada ciencia? / |c Alan F. Chalmers |
| 250 | |a 3a. ed. | ||
| 260 | |a Buenos Aires : |b Siglo Veintiuno, |c 2000 | ||
| 300 | |a 247 p. | ||
| 490 | 0 | |a Teoría | |
| 505 | 0 | |a La ciencia como conocimiento derivado de los hechos de la experiencia -- La observación como intervención práctica -- El experimento -- La inferencia de teorías a partir de los hechos: la inducción -- Introducción del falsacionismo -- Las teorías como estructuras: los paradigmas de Kuhn -- Las teorías como estructuras: Los programas de investigación -- La teoría anarquista de la ciencia de Feyerabend -- Cambios metódicos del método -- El punto de vista bayesiano -- El nuevo experimentalismo -- Por qué el mundo habría de obedecer leyes -- Realismo y antirealismo | |
| 020 | |a 9879847806 | ||
| 100 | 1 | |a Chalmers, Alan F. | |
| 082 | 0 | 4 | |a 001 |
| 653 | |a Ciencia-introducción | ||
| 859 | |a CEMS |b BIB. CEMS - 11 de abril |h 001 |i Ch872 |p 21644.02 |t Ej.1 | ||
